Statistiche per Quiz sulla città di Vicenza

Clicka qui per fare il quiz!

Statistiche generali

  • Questo quiz è stato fatto 96 volte
  • Il punteggio medio è 9 su 20

Statistiche sulle risposte

DescrizioneRisposta% Corretto
Regione di VicenzaVeneto
98%
Architetto che progettò una ventina di edifici storici a VicenzaAndrea Palladio
83%
Specialità gastronomica preparata con il merluzzo{Baccalà} alla vicentina
71%
Vicenza faceva parte di questa potente repubblica medievaleVenezia
65%
La Villa Almerico Capra viene anche chiamata...La {Rotonda}
64%
Fiume principale che attraversa VicenzaBacchiglione
61%
Calciatore italiano formato al Vicenza Calcio, 1982-85Roberto Baggio
55%
Collina sovrastante VicenzaMonte {Berico}
54%
Piazza cittadina maggiorePiazza dei {Signori}
53%
Monumento di Vicenza famosissimo per le sue scene fisseTeatro {Olimpico}
53%
Aziende di Blue Jeans con sede vicino a VicenzaDiesel
41%
Vicenza fu devastata da questo popolo guerriero verso l'anno 450Unni
40%
Nome romano di VicenzaVicetia
39%
Vicenza è il più importante centro italiano di queste industrieOreficeria
35%
Vicenza fu attraversata da queste antiche strade romaneVia {Postumia}
26%
Palazzo di quell'architetto dove sede il consiglio comunaleLoggia del {Capitaniato}
21%
Attrice americana di Come d'incanto, nata a Vicenza nel 1974Amy Adams
19%
Più alto edificio di VicenzaTorre {Bissara}
15%
Vicenza è il più importante centro italiano di queste industrieGioielleria
9%
Vicenza fu attraversata da queste antiche strade romaneVia {Gallica}
5%

Distribuzione punteggi

Percentile per numero di risposta

Percentuale di utenti per punteggio

I tuoi punteggi nel tempo

Non hai fatto questo quiz